[Event "Enniscrone Sligo op-B"]
[Site "Enniscrone"]
[Date "2025.02.01"]
[Round "3"]
[White "Donohoe, Eugene"]
[Black "Syms, Thomas"]
[Result "1/2-1/2"]
[WhiteElo "1773"]
[BlackElo "1721"]
[PlyCount "66"]
[EventDate "2025.01.31"]
[EventType "swiss"]
[EventRounds "5"]
[EventCountry "IRL"]
[SourceTitle "CB06_2025"]
[SourceDate "2025.02.05"]
[SourceVersion "1"]
[SourceVersionDate "2025.02.05"]
[SourceQuality "1"]

1. c4 e5 2. Nc3 Nf6 3. g3 Nc6 4. Bg2 Bc5 5. e3 0-0 6. Nge2 Re8 7. 0-0 Be7 8. h3 d6 9. e4 Be6 10. d3 Qd7 11. Kh2 h6 12. f4 exf4 13. Nxf4 Bf8 14. Be3 Rad8 15. Nxe6 Qxe6 16. Nd5 Rd7 17. Bxh6 Nxd5 18. cxd5 Qxh6 19. dxc6 bxc6 20. Qa4 Rb8 21. Qxc6 Re7 22. Qc2 Qg5 23. b3 g6 24. Rad1 Bg7 25. Qd2 Qe5 26. d4 Qb5 27. Rfe1 Rbe8 28. Bf1 Qb6 29. Bg2 Re6 30. Rf1 R6e7 31. Rfe1 Re6 32. Kh1 R6e7 33. Kh2 Re6 1/2-1/2

[Event "Enniscrone Sligo op-B"]
[Site "Enniscrone"]
[Date "2025.02.01"]
[Round "2"]
[White "Marshall, Roy"]
[Black "Donohoe, Eugene"]
[Result "1-0"]
[WhiteElo "1684"]
[BlackElo "1773"]
[PlyCount "135"]
[EventDate "2025.01.31"]
[EventType "swiss"]
[EventRounds "5"]
[EventCountry "IRL"]
[SourceTitle "CB06_2025"]
[SourceDate "2025.02.05"]
[SourceVersion "1"]
[SourceVersionDate "2025.02.05"]
[SourceQuality "1"]

1. c4 f5 2. Nc3 Nf6 3. g3 e5 4. d3 d6 5. Bg2 Be7 6. e4 0-0 7. Nge2 Kh8 8. 0-0 c6 9. d4 exd4 10. Nxd4 fxe4 11. Nxe4 Nxe4 12. Bxe4 Qe8 13. Qc2 g6 14. b3 Bf6 15. Bb2 Bd7 16. Rae1 Qf7 17. Bg2 Na6 18. a3 Rae8 19. Nf3 Bf5 20. Qd2 Bxb2 21. Qxb2+ Qg7 22. Qd2 Qf7 23. Qb2+ Qg7 24. Qd2 Qf7 25. Qb2+ Qg7 26. Qd2 Nc5 27. Re3 Rxe3 28. Qxe3 b6 29. Nd4 Qe5 30. Qxe5+ dxe5 31. Nxf5 gxf5 32. b4 Ne6 33. Bxc6 Nd4 34. Bd5 Rc8 35. Re1 e4 36. Kg2 Nc2 37. Rc1 Nxa3 38. c5 bxc5 39. bxc5 Nb5 40. Be6 Rc7 41. Bxf5 Nd6 42. Be6 a5 43. Bb3 Nb5 44. Ba4 Nd4 45. c6 Ne6 46. Rc4 h6 47. Rxe4 Nc5 48. Rc4 Ne6 49. Re4 Nc5 50. Re8+ Kg7 51. Rd8 Kf7 52. Rd4 Nxa4 53. Rxa4 Rxc6 54. Rxa5 Rc2 55. Ra6 Kg7 56. g4 Kh7 57. Kg3 Kg7 58. h4 Rc4 59. f3 Kh7 60. g5 hxg5 61. hxg5 Kg7 62. f4 Rc1 63. Kg4 Rc5 64. Ra7+ Kg8 65. g6 Rd5 66. f5 Rd6 67. Kg5 Rc6 68. Ra8+ 1-0

[Event "Enniscrone Sligo-ch"]
[Site "Enniscrone"]
[Date "2024.02.04"]
[Round "4"]
[White "Donohoe, Eugene"]
[Black "McGrath, Mark"]
[Result "1/2-1/2"]
[WhiteElo "1581"]
[BlackElo "1714"]
[PlyCount "99"]
[EventDate "2024.02.02"]
[EventType "swiss"]
[EventRounds "5"]
[EventCountry "IRL"]
[SourceTitle "CBM 218 Extra"]
[Source "ChessBase"]
[SourceDate "2024.03.31"]
[SourceVersion "1"]
[SourceVersionDate "2024.03.31"]
[SourceQuality "1"]

1. e4 c5 2. Nc3 Nc6 3. d3 Nf6 4. Be3 d6 5. Be2 Nd4 6. Qd2 h6 7. f4 e5 8. f5 Bd7 9. h3 b5 10. g4 b4 11. Nd1 Bc6 12. c3 Nxe2 13. Qxe2 a5 14. c4 Be7 15. Nf3 a4 16. Nf2 Nd7 17. h4 f6 18. Nh3 a3 19. b3 Bb7 20. Kf2 Nb8 21. Rag1 Nc6 22. g5 hxg5 23. hxg5 Qd7 24. gxf6 Bxf6 25. Bg5 0-0-0 26. Bxf6 gxf6 27. Rg6 Qe7 28. Ke3 Nd4 29. Qg2 Rh7 30. Nxd4 exd4+ 31. Kd2 Rdh8 32. Nf2 Rxh1 33. Nxh1 Qe5 34. Rg8+ Rxg8 35. Qxg8+ Kc7 36. Qg7+ Kc6 37. Ke2 Qf4 38. Qg3 Qc1 39. Nf2 Qb2+ 40. Kf3 Qxa2 41. Qg8 Qxb3 42. Qe8+ Kb6 43. Qd8+ Ka7 44. Qa5+ Kb8 45. Qd8+ Ka7 46. Qa5+ Ba6 47. Qc7+ Bb7 48. Qa5+ Kb8 49. Qd8+ Ka7 50. Qa5+ 1/2-1/2

[Event "Enniscrone Sligo-ch"]
[Site "Enniscrone"]
[Date "2024.02.04"]
[Round "5"]
[White "Lane, Alan"]
[Black "Donohoe, Eugene"]
[Result "1/2-1/2"]
[WhiteElo "1551"]
[BlackElo "1581"]
[PlyCount "113"]
[EventDate "2024.02.02"]
[EventType "swiss"]
[EventRounds "5"]
[EventCountry "IRL"]
[SourceTitle "CBM 218 Extra"]
[Source "ChessBase"]
[SourceDate "2024.03.31"]
[SourceVersion "1"]
[SourceVersionDate "2024.03.31"]
[SourceQuality "1"]

1. e4 d6 2. Nc3 Nf6 3. d3 Nbd7 4. Be3 e5 5. Be2 c6 6. Qd2 d5 7. exd5 cxd5 8. d4 e4 9. h4 Nb6 10. Nh3 Bd7 11. f4 Bb4 12. Nf2 Qc7 13. a3 Bxc3 14. Qxc3 Qxc3+ 15. bxc3 Rc8 16. Kd2 Nc4+ 17. Bxc4 Rxc4 18. Rab1 b6 19. Rb4 Rc7 20. Rhb1 Ke7 21. a4 Rhc8 22. Nd1 Ne8 23. Ke1 f5 24. Bd2 Nd6 25. Ne3 Ke6 26. Ke2 Nc4 27. Be1 Nxe3 28. Kxe3 Rc4 29. a5 bxa5 30. Rxc4 Rxc4 31. Kd2 Kd6 32. Kc1 Rc7 33. Kb2 Rb7+ 34. Ka2 Rxb1 35. Kxb1 a4 36. Kb2 Kc7 37. Ka3 Kb6 38. Kb4 a5+ 39. Ka3 Kb5 40. Kb2 Be8 41. Ka3 Kc4 42. Kb2 Kb5 43. Ka3 Bf7 44. Kb2 Bh5 45. Ka3 Bd1 46. Kb2 a3+ 47. Kc1 a2 48. Kb2 a1Q+ 49. Kxa1 Bxc2 50. Kb2 Bd3 51. Kb3 a4+ 52. Ka3 Bc4 53. Kb2 Bb3 54. g4 fxg4 55. h5 Kc4 56. f5 Kd3 57. h6 1/2-1/2

[Event "Dublin St Andrews op-B"]
[Site "Dublin"]
[Date "2019.09.22"]
[Round "5"]
[White "Donohoe, Eugene"]
[Black "Goss, Alex"]
[Result "0-1"]
[WhiteElo "1410"]
[BlackElo "1829"]
[PlyCount "64"]
[EventDate "2019.09.20"]
[EventType "swiss"]
[EventRounds "6"]
[EventCountry "IRL"]
[SourceTitle "EXT 2020"]
[Source "ChessBase"]
[SourceDate "2019.10.17"]
[SourceVersion "1"]
[SourceVersionDate "2019.10.17"]
[SourceQuality "1"]

1. d4 d5 2. Nf3 Nf6 3. Bg5 c5 4. e3 Nc6 5. c3 Qb6 6. Qb3 c4 7. Qxb6 axb6 8. Nbd2 b5 9. Be2 Bf5 10. 0-0 h6 11. Bf4 e6 12. Rfe1 b4 13. Ne5 Nxe5 14. Bxe5 Nd7 15. Bg3 b5 16. Nf3 Nb6 17. Ne5 Na4 18. Bg4 Bh7 19. Bh5 g6 20. Bf3 bxc3 21. bxc3 Nxc3 22. Rec1 b4 23. Nc6 Rxa2 24. Be5 Rg8 25. Bf6 b3 26. Re1 b2 27. Rxa2 Nxa2 28. e4 c3 29. exd5 c2 30. dxe6 c1Q 31. Bd1 Qd2 32. Kf1 Qxe1+ 0-1

[Event "Dublin St Andrews op-B"]
[Site "Dublin"]
[Date "2019.09.21"]
[Round "2"]
[White "Collins, Adam"]
[Black "Donohoe, Eugene"]
[Result "1/2-1/2"]
[WhiteElo "1712"]
[BlackElo "1410"]
[PlyCount "44"]
[EventDate "2019.09.20"]
[EventType "swiss"]
[EventRounds "6"]
[EventCountry "IRL"]
[SourceTitle "EXT 2020"]
[Source "ChessBase"]
[SourceDate "2019.10.17"]
[SourceVersion "1"]
[SourceVersionDate "2019.10.17"]
[SourceQuality "1"]

1. e4 d6 2. d4 Nf6 3. Nc3 Nbd7 4. Nf3 e5 5. Bc4 Be7 6. 0-0 c6 7. a4 a5 8. Qe2 Qc7 9. dxe5 dxe5 10. Ng5 0-0 11. Bxf7+ Rxf7 12. Qc4 Nf8 13. Qxf7+ Kh8 14. Qb3 h6 15. f4 hxg5 16. f5 g4 17. Be3 N8d7 18. h3 Bc5 19. Bxc5 Nxc5 20. Qc4 Qb6 21. Kh1 Qb4 22. Qf7 Bd7 1/2-1/2